Sociedades cooperativas / (Record no. 161607)

MARC details
000 -LEADER
campo de control de longitud fija 00754nam a2200205 i 4500
001 - NÚMERO DE CONTROL
campo de control 161607
003 - IDENTIFICADOR DE NÚMERO DE CONTROL
campo de control ES-MaACL
005 - FECHA Y HORA DE LA ÚLTIMA TRANSACCIÓN
campo de control 20231228063240.0
008 - DATOS DE LONGITUD FIJA--INFORMACIÓN GENERAL
campo de control de longitud fija 981201q1885 sp |||| | spa d
100 1# - ENTRADA PRINCIPAL--NOMBRE DE PERSONA
Nombre de persona Pedregal Cañedo, Manuel,
Fechas asociadas al nombre 1831-1896
9 (RLIN) 130930
245 10 - MENCIÓN DEL TÍTULO
Título Sociedades cooperativas /
Mención de responsabilidad, etc. por Manuel Pedregal y Cañedo.
260 ## - PUBLICACIÓN, DISTRIBUCIÓN, ETC.
Lugar de publicación, distribución, etc. Madrid :
Nombre del editor, distribuidor, etc. [s.n.,
Fecha de publicación, distribución, etc. ca. 1885] (
Fabricante Imp. Popular)
300 ## - DESCRIPCIÓN FÍSICA
Extensión 183 p. ;
Dimensiones 16 cm.
490 1# - MENCIÓN DE SERIE
Mención de serie Biblioteca andaluza. 1. Segunda serie ;
Designación de volumen o secuencia 11
596 ## - NOTA AL PIE DE IMPRENTA
NOTA AL PIE DE IMPRENTA La serie "Biblioteca Andaluza" se publica ca. 1880-1889.
650 04 - PUNTO DE ACCESO ADICIONAL DE MATERIA--TÉRMINO DE MATERIA
Término de materia o nombre geográfico como elemento de entrada Cooperativas.
9 (RLIN) 11353
830 0# - PUNTO DE ACCESO ADICIONAL DE SERIE-TÍTULO UNIFORME
Título uniforme Biblioteca andaluza. 1. Segunda serie ;
Designación de volumen o secuencia 11
9 (RLIN) 222130
852 ## - LOCALIZACIÓN
Ubicación ES-MaACL
Número de control de estantería F-5355
Nota libre - Enc. pasta española
Holdings
Estatus retirado Estado de pérdida Estado de daño No para préstamo Colección Biblioteca de origen Biblioteca actual Ubicación en estantería Fecha de adquisición Fuente de adquisición Total de préstamos Signatura topográfica completa Código de barras Visto por última vez Precio de reemplazo Tipo de ítem Koha
        Libros del s. XIX Biblioteca del Ateneo de Madrid Biblioteca del Ateneo de Madrid Depósito 2 17/01/2008     F-5355 1169283 23/02/2023 23/02/2023 Libro impreso antiguo